Vista normal
Vista MARC
Entrada Personal Name
Número de registros utilizados en: 8
001 - CONTROL NUMBER
- control field: 3220
003 - CONTROL NUMBER IDENTIFIER
- control field: DLC
005 - DATE AND TIME OF LATEST TRANSACTION
- control field: 20190725100321.0
008 - FIXED-LENGTH DATA ELEMENTS
- fixed length control field: 030414n| azannaabn |a aaa c
010 ## - LIBRARY OF CONGRESS CONTROL NUMBER
- LC control number: no2003037166
035 ## - SYSTEM CONTROL NUMBER
- System control number: (OCoLC)oca06024849
040 ## - CATALOGING SOURCE
- Original cataloging agency: MX-StUAC
- Language of cataloging: spa
- Description conventions: rda
- Transcribing agency: MX-StUAC
- Modifying agency: DNLM
- Modifying agency: DLC
- Modifying agency: Mx-PuUPA
046 ## - SPECIAL CODED DATES
- Birth date: 1936
- Death date: 2007
100 1# - HEADING--PERSONAL NAME
- Personal name: Rodríguez Estrada, Mauro,
- Dates associated with a name: 1936-2007
370 ## - ASSOCIATED PLACE
- Place of birth: México
372 ## - FIELD OF ACTIVITY
- Field of activity: Psicología
373 ## - ASSOCIATED GROUP
- Associated group: Instituto Universitario de Ciencias de la Educación
- Associated group: Instituto Tecnológico y de Estudios Superiores de Monterrey
- Associated group: Asociación Mexicana de la Creatividad, A. C
374 ## - OCCUPATION
- Occupation: Psicólogo
- Occupation: Psicolinguistica
- Occupation: Director
- Occupation: Autor
375 ## - GENDER
- Gender: hombre
377 ## - ASSOCIATED LANGUAGE
- Language code: spa
400 1# - SEE FROM TRACING--PERSONAL NAME
- Personal name: Estrada, Mauro Rodríguez,
- Dates associated with a name: 1936-2007
670 ## - SOURCE DATA FOUND
- Source citation: Lenguaje creativo para los líderes, c1999:
- Information found: t.p. (Mauro Rodríguez Estrada)
670 ## - SOURCE DATA FOUND
- Source citation: psicologiaaldia.com.mx, sitio web, 25 julio 2019:
- Information found: Mauro Rodríguez Estrada: su vida y su obra en pocas palabras (nació en México en 1936, psicólogo y psicolinguistica. Se dedicó a aplicar las ciencias psicopedagogicas tanto al manejo del elemento humano en las instituciones como al desarrollo de la creatividad. Doctor en Ciencias Religiosas. Fundador y primer rector del Instituto Universitario de Ciencias de la Educación. Primer Director de la carrera de Psicología en el Instituto Tecnológico y de Estudios Superiores de Monterrey. Fundador y primer presidente de la Asociación Mexicana de la Creatividad, A. C. Premio Nacional de Capacitación. Premio Nacional de Psicología del Trabajo. Autor de numerosos libros sobre creatividad y otros temas... Murió el 14 de febrero de 2007 cuando tenía 71 años de edad.)
- Uniform Resource Identifier: https://bit.ly/32RplSs
672 ## - TITLE RELATED TO THE ENTITY
- Title: Manual de la creatividad :
- Remainder of title: los procesos psíquicos y el desarrollo
- Date: 2006
- Bibliographic record control number: (Mx-PuUPA) 52963